Bull to China Word Ladder - Statistics

General Stats
  • This quiz has been taken 274 times
  • The average score is 14 of 15
Answer Stats
Hint Answer % Correct
Male cow Bull
100%
Asian country China
98%
Short for “William” Bill
96%
7 Deadly ____ Sins
96%
Until (informal) Till
96%
To heat water Boil
95%
Payment for crossing bridges Toll
94%
Bottoms of heads Chins
91%
Feeling of hurt Pain
90%
To work Toil
90%
Synonym for bucket Pail
89%
Fronts of legs (add one letter) Shins
89%
To leave Bail
87%
Synonym for tack (remove one letter) Pin
86%
Plural of above (add one letter) Pins
85%
No matching quizzes found
Score Distribution
Percent of People with Each Score
Percentile by Number Answered
Your Score History
You have not taken this quiz